These 6 things: How to focus your teachin on what matters most (Record no. 1399021)

MARC details
000 -LEADER
fixed length control field 00599nam a2200205Ia 4500
005 - DATE AND TIME OF LATEST TRANSACTION
control field 20250508170049.0
008 - FIXED-LENGTH DATA ELEMENTS--GENERAL INFORMATION
fixed length control field 008 250505s9999 xx 000 0 eng d
020 ## - INTERNATIONAL STANDARD BOOK NUMBER
International Standard Book Number 978-9388789134
037 ## - SOURCE OF ACQUISITION
Stock number Reference
040 ## - CATALOGING SOURCE
Original cataloging agency FEDL
Language of cataloging eng
Transcribing agency FEDL
041 ## - LANGUAGE CODE
Language code of text/sound track or separate title eng
Source of code eng
084 ## - COLON CLASSIFICATION NUMBER
Classification number 371.1, STU/RR
Assigning agency FEDL
100 ## - MAIN ENTRY--PERSONAL NAME
Personal name Stuart Dave
9 (RLIN) 782876
245 #0 - TITLE STATEMENT
Title These 6 things: How to focus your teachin on what matters most
260 ## - PUBLICATION, DISTRIBUTION, ETC.
Place of publication, distribution, etc. Thousand Oaks, Calfornia
Name of publisher, distributor, etc. Corwin Press
Date of publication, distribution, etc. 2019
300 ## - PHYSICAL DESCRIPTION
Extent 258p.
365 ## - TRADE PRICE
Price type code USD
Price amount 33.95
942 ## - ADDED ENTRY ELEMENTS (KOHA)
Koha item type Reference
Classification part 371.1, STU/RR
Holdings
Withdrawn status Lost status Damaged status Not for loan Home library Current library Date acquired Cost, normal purchase price Total Checkouts Full call number Barcode Date last seen Price effective from Koha item type
        Department of Education Library Department of Education Library 2025-05-08 33.95   371.1, STU/RR EL0092684 2025-05-08 2025-05-08 Reference
Copyright @ Delhi University Library System